| 000 | 00739nam a2200193 a 4500 | ||
|---|---|---|---|
| 008 | 100720s2007 ||||||||||||||||| || u | ||
| 020 | _a9780716776949 | ||
| 050 | _aQD 101.2 Har | ||
| 100 | _aHarris, Daniel C | ||
| 245 | 1 | 0 |
_aQuantitative chemical analysis. -- 7th ed. _cby Daniel C. Harris |
| 250 | _a7th ed. | ||
| 260 |
_aNew York: _bW. H. Freeman and Company _c2007 |
||
| 300 | _axvii, [various pagings]: ill. | ||
| 350 | _a0.00 | ||
| 500 | _aIncludes Index | ||
| 650 | _aCHEMISTRY, ANALYTIC--QUANTITATIVE | ||
| 650 | 0 | _aCHEMISTRY--HANDBOOKS, MANUALS, ETC | |
| 995 |
_D0.00 _FCBU-MAIN LIBRARY (Kitwe) _H1 _I0.00 _M1 _UAVAILABLE _WAug 12, 2010 _ZMain Library Open Access Collection |
||
| 999 |
_c55446 _d55446 |
||